LEADER 01492nam a2200373 i 4500 001 991001056429707536 005 20020507105827.0 008 000201s1996 ||| ||| | eng 020 $a9810228821$c142500 035 $ab10167365-39ule_inst 035 $aLE00641393$9ExL 040 $aDip.to Fisica$bita 084 $a510.20 084 $a510.22 084 $a512.55 084 $aQC20.7.L54 111 2 $aInternational Workshop on Lie theory and its applications in physics$0462686 245 10$aLie theory and its applications in physics :$bproceedings of an International Workshop [held at] Clausthal, Germany, 14-17 August 1995 /$cedited by H.-D. Doebner, V.K. Dobrev and J. Hilgert 260 $aSingapore :$bWorld Scientific,$c1996 300 $aviii, 274 p. ;$c23 cm. 490 0 $aProceedings of the International Workshop on Lie theory and its applications in physics ;$v1 500 $aIncludes bibliographical references. 650 4$aGeometry$xCongresses 650 4$aLie algebras$xCongresses 650 4$aMathematical physics$xCongresses 700 1 $aDoebner, H.D. 700 1 $aDobrev, V.K. 700 1 $aHilgert, J. 907 $a.b10167365$b17-02-17$c27-06-02 912 $a991001056429707536 945 $aLE006 510.22 DOE$g1$i2006000080538$lle006$o-$pE0.00$q-$rl$s- $t0$u0$v0$w0$x0$y.i10204246$z27-06-02 996 $aLie theory and its applications in physics$9188241 997 $aUNISALENTO 998 $ale006$b01-01-00$cm$da $e-$feng$gxx $h0$i1 LEADER 02841nam 2200673Ia 450 001 9910784146203321 005 20230617005525.0 010 $a1-280-50475-7 010 $a9786610504756 010 $a1-4294-0194-X 010 $a1-60750-107-4 010 $a600-00-0394-3 010 $a1-60129-088-8 035 $a(CKB)1000000000340213 035 $a(EBL)265927 035 $a(OCoLC)290475435 035 $a(SSID)ssj0000137101 035 $a(PQKBManifestationID)11144315 035 $a(PQKBTitleCode)TC0000137101 035 $a(PQKBWorkID)10087907 035 $a(PQKB)11649364 035 $a(MiAaPQ)EBC265927 035 $a(Au-PeEL)EBL265927 035 $a(CaPaEBR)ebr10130678 035 $a(CaONFJC)MIL50475 035 $a(EXLCZ)991000000000340213 100 $a20050404d2005 uy 0 101 0 $aeng 135 $aur|n|---||||| 181 $ctxt 182 $cc 183 $acr 200 10$aDesertification combat and food safety$b[electronic resource] $ethe added value of camel producers /$fedited by Bernard Faye and Palmated Esenov 210 $aAmsterdam ;$aOxford $cIOS Press$dc2005 215 $a1 online resource (240 p.) 225 1 $aNATO science series. Series I, Life and behavioural sciences,$xISSN 1566-7693 ;$vv. 362 300 $a"Proceedings of the NATO Advanced Research Workshop on Desertification Combat and Food Safety, 19-21 April 2004, Ashgabad, Turkmenistan"--t.p. verso. 311 $a1-58603-473-1 320 $aIncludes bibliographical references and index. 327 $aTitle page; Preface; Contents; Plenary Sessions; Desertification, Selection, Breeding and Diseases of Camels; Camel Keeping and Productiveness; Final Recommendations; Author Index 330 $aIn these papers from workshops that united desert and camel scientists from western Europe, the Mediterranean and Central Asia, contributors address how to maintain animal productivity to satisfy human requirements in the desert in both quantity and quality. Papers from plenary sessions include a survey of new trends in camel sciences and the place 410 0$aNATO science series.$nSeries I,$pLife and behavioural sciences ;$vv. 362. 606 $aCamels$xBreeding$vCongresses 606 $aCamel milk$vCongresses 606 $aDesertification$vCongresses 615 0$aCamels$xBreeding 615 0$aCamel milk 615 0$aDesertification 676 $a636.295 701 $aFaye$b Bernard$0657611 701 $aE?senov$b P$g(Paltamed)$01514211 712 12$aNATO Advanced Research Workshop on Desertification Combat and Food Safety$f(2004 :$eAshkhabad, Turkmenistan) 801 0$bMiAaPQ 801 1$bMiAaPQ 801 2$bMiAaPQ 906 $aBOOK 912 $a9910784146203321 996 $aDesertification combat and food safety$93749174 997 $aUNINA